[Event "II Trofeo Antica Scuola Napoletana B"]
[Site "Napoli ITA"]
[Date "2014.04.10"]
[Round "5"]
[White "Pellegrino, Giovanni"]
[Black "Baccelliere, Riccardo"]
[WhiteElo "1416"]
[BlackElo "1359"]
[Result "1-0"]
[PlyCount "63"]
[EventDate "2014.03.06"]

1. d4 d5 2. Nf3 Nc6 3. e3 Nf6 4. Bd3 Bg4 5. c4 e6 6. Qb3 Bb4+ 7. Bd2 Bxd2+ 8.
Nbxd2 Bxf3 9. Nxf3 O-O 10. Qxb7 dxc4 11. Bxc4 Na5 12. Qb4 Nxc4 13. Qxc4 Qd5 14.
Rc1 Qxc4 15. Rxc4 Nd5 16. O-O Rab8 17. e4 Rb4 18. Rc2 Nf6 19. Rxc7 Nxe4 20.
Rxa7 Rxb2 21. h3 Nc3 22. Ra1 Ne2+ 23. Kh2 Nc3 24. a4 Ra2 25. Rxa2 Nxa2 26. Rd7
Ra8 27. Ne5 f6 28. Nc6 Rxa4 29. Re7 e5 30. dxe5 fxe5 31. Nxe5 Re4 32. Re8# 1-0

[Event "II Trofeo Antica Scuola Napoletana B"]
[Site "Napoli ITA"]
[Date "2014.04.24"]
[Round "6"]
[White "D'Orazi, Goffredo"]
[Black "Baccelliere, Donato"]
[WhiteElo "1431"]
[BlackElo "1404"]
[Result "1/2-1/2"]
[PlyCount "65"]
[EventDate "2014.03.06"]

1. e4 e5 2. d4 exd4 3. Qxd4 Nc6 4. Qe3 Bb4+ 5. Nc3 d6 6. Bd2 Nf6 7. O-O-O O-O
8. Bb5 Bc5 9. Qg3 Ne5 10. h3 Re8 11. Bxe8 Qxe8 12. Nge2 a5 13. Nf4 c6 14. f3 b5
15. Nd3 Nxd3+ 16. cxd3 Kf8 17. Bf4 Qe6 18. Kb1 a4 19. d4 Bb4 20. d5 Qd7 21.
dxc6 Qxc6 22. Bxd6+ Bxd6 23. Rxd6 Qc7 24. Rhd1 Be6 25. Qg5 b4 26. Nb5 Qc4 27.
Rxe6 fxe6 28. Rc1 Qd3+ 29. Ka1 b3 30. Qc5+ Kf7 31. Qc7+ Kg6 32. Qg3+ Kf7 33.
Qc7+ 1/2-1/2

[Event "XIII Festival Marco Gerolamo Vida A"]
[Site "Vescovato ITA"]
[Date "2014.04.25"]
[Round "1"]
[White "Borboni, Paolo"]
[Black "Bini, Massimo"]
[WhiteElo "1724"]
[BlackElo "2012"]
[Result "0-1"]
[PlyCount "46"]
[EventDate "2014.04.25"]

1. d4 d5 2. c4 Bf5 3. cxd5 Bxb1 4. Rxb1 Qxd5 5. a3 Nc6 6. Nf3 O-O-O 7. e3 e5 8.
Qa4 exd4 9. Bc4 Bb4+ 10. axb4 Qxc4 11. exd4 Nxb4 12. Kd1 Qd3+ 13. Nd2 Nc6 14.
Re1 Nf6 15. Re3 Qg6 16. Rg3 Qh5+ 17. Ke1 Rxd4 18. Qa2 Rhd8 19. Ra1 Ne4 20. Nf3
Rd1+ 21. Ke2 Qb5+ 22. Ke3 Qd3+ 23. Kf4 Nxg3 0-1

[Event "XIII Festival Marco Gerolamo Vida A"]
[Site "Vescovato ITA"]
[Date "2014.04.25"]
[Round "1"]
[White "Castrogiovanni, Carlo"]
[Black "Swannie, Bryan"]
[WhiteElo "1992"]
[BlackElo "1681"]
[Result "0-1"]
[PlyCount "105"]
[EventDate "2014.04.25"]

1. d4 Nf6 2. Nf3 c5 3. d5 d6 4. c4 b5 5. cxb5 a6 6. b6 Qxb6 7. Nc3 g6 8. a4 Bg7
9. a5 Qb4 10. Bd2 Qxb2 11. Na4 Qb7 12. Nb6 Ra7 13. Rb1 O-O 14. Qc2 Bf5 15. e4
Bxe4 16. Bd3 Bxd5 17. Nxd5 Qxd5 18. O-O Nbd7 19. Bc4 Qc6 20. Bb3 Qc7 21. Rfe1
e6 22. Ng5 d5 23. Ba4 Rb7 24. Rbc1 c4 25. g3 Nc5 26. Rb1 Rxb1 27. Rxb1 Nxa4 28.
Qxa4 d4 29. Rb6 c3 30. Rc6 Qd7 31. Bf4 Nd5 32. Qc4 Nxf4 33. gxf4 Qd5 34. Qxa6
d3 35. Rd6 c2 36. Rxd5 c1=Q+ 37. Kg2 exd5 38. Qxd3 Qc4 39. Qa3 Qxf4 40. Nf3 d4
41. a6 Qe4 42. Qb4 Qc6 43. a7 g5 44. h3 h5 45. Kg3 Qc7+ 46. Kg2 Qxa7 47. Nxg5
Qd7 48. Ne4 Re8 49. f3 d3 50. Qd2 f5 51. Qa2+ Qe6 52. Qxe6+ Rxe6 53. Nc5 0-1

[Event "XIII Festival Marco Gerolamo Vida A"]
[Site "Vescovato ITA"]
[Date "2014.04.25"]
[Round "1"]
[White "Masotti, Roberto"]
[Black "Ficco, Corrado"]
[WhiteElo "1893"]
[BlackElo "2054"]
[Result "0-1"]
[PlyCount "74"]
[EventDate "2014.04.25"]

1. d4 g6 2. Nf3 Bg7 3. c4 d6 4. Nc3 Nd7 5. e3 e5 6. Be2 Ne7 7. O-O O-O 8. b4 f5
9. dxe5 Nxe5 10. Bb2 Kh8 11. Nxe5 Bxe5 12. Qb3 Be6 13. Rad1 c6 14. a4 Qc7 15.
Rd2 Rad8 16. Rfd1 h6 17. b5 Kh7 18. Ba3 f4 19. e4 g5 20. b6 axb6 21. Rb1 g4 22.
Nd1 f3 23. Bf1 fxg2 24. Bxg2 Bf4 25. Rc2 Ng6 26. Qxb6 Rf7 27. Rcb2 Rdd7 28.
Qxc7 Rxc7 29. Bf1 Rcd7 30. Rc2 Ne5 31. Be2 Rg7 32. Bc1 Rdf7 33. Bxf4 Rxf4 34.
Nc3 Bxc4 35. Rd2 Bxe2 36. Rxe2 Rf3 37. Nd1 Rh3 0-1

[Event "XIII Festival Marco Gerolamo Vida A"]
[Site "Vescovato ITA"]
[Date "2014.04.25"]
[Round "1"]
[White "Minerva, Enzo"]
[Black "Swannie, Douglas"]
[WhiteElo "2022"]
[BlackElo "1880"]
[Result "0-1"]
[PlyCount "82"]
[EventDate "2014.04.25"]

1. c4 e5 2. Nc3 c5 3. Nf3 Nc6 4. b3 g6 5. Bb2 Bg7 6. Ne4 d6 7. e3 f5 8. Ng3
Nge7 9. Be2 Bd7 10. h4 h6 11. d3 Qc7 12. Qd2 Rg8 13. a3 a5 14. Bc3 Kf7 15. Qb2
b6 16. Nd2 Nb4 17. axb4 axb4 18. Nb1 bxc3 19. Nxc3 Bc6 20. e4 Rxa1+ 21. Qxa1
Ra8 22. Qd1 f4 23. Nd5 Bxd5 24. exd5 fxg3 25. fxg3 Nf5 26. O-O Kg8 27. Kh2 Ne3
28. Qc1 Nxf1+ 29. Qxf1 Qf7 30. Qd1 e4 31. Bg4 Qf2 32. Be6+ Kh7 33. h5 Ra2 34.
hxg6+ Kh8 35. Bh3 Ra1 36. Qxa1 Bxa1 37. d4 Bxd4 38. g7+ Kxg7 39. b4 Be5 40.
bxc5 Bxg3+ 41. Kh1 Qf1# 0-1

[Event "XIII Festival Marco Gerolamo Vida A"]
[Site "Vescovato ITA"]
[Date "2014.04.25"]
[Round "1"]
[White "Molina, Fabrizio"]
[Black "Pinna, Ferdinando"]
[WhiteElo "2218"]
[BlackElo "1938"]
[Result "1-0"]
[PlyCount "43"]
[EventDate "2014.04.25"]

1. Nf3 Nf6 2. c4 c5 3. g3 g6 4. Bg2 Bg7 5. d4 cxd4 6. Nxd4 Nc6 7. Nc2 O-O 8.
Nc3 d6 9. O-O Bd7 10. Qd2 Qc8 11. Rd1 Bh3 12. Bh1 Rb8 13. b3 a6 14. Bb2 b5 15.
cxb5 axb5 16. Rac1 Qd7 17. Nd4 Nxd4 18. Qxd4 Ng4 19. Qd2 Qa7 20. e3 Rfc8 21.
Nd5 Ne5 22. Bd4 1-0

[Event "XIII Festival Marco Gerolamo Vida A"]
[Site "Vescovato ITA"]
[Date "2014.04.25"]
[Round "1"]
[White "Panizzi, Giuseppe"]
[Black "Righini, Giovanni"]
[WhiteElo "2071"]
[BlackElo "1895"]
[Result "1-0"]
[PlyCount "111"]
[EventDate "2014.04.25"]

1. Nf3 Nf6 2. d4 e6 3. c4 b6 4. Bg5 Bb7 5. e3 Be7 6. Nc3 Ne4 7. Bxe7 Qxe7 8.
Bd3 Nxc3 9. bxc3 O-O 10. O-O d6 11. e4 e5 12. Qe2 Nd7 13. Rab1 Rae8 14. Rfe1
Nf6 15. Nd2 g6 16. Qe3 Ng4 17. Qg3 Nf6 18. Qh4 Nh5 19. Qxe7 Rxe7 20. Re3 Nf4
21. Bf1 Rfe8 22. d5 Bc8 23. g3 Nh5 24. Be2 Nf6 25. Kg2 Ng4 26. Bxg4 Bxg4 27. f4
Bc8 28. Rbe1 f5 29. exf5 Bxf5 30. Nf3 Bd3 31. Nd2 Bf5 32. a3 Kf7 33. Nf3 Kf6
34. fxe5+ dxe5 35. h3 Bc8 36. Nd2 Ba6 37. g4 Rd8 38. Kg3 c6 39. Ne4+ Kg7 40. d6
Re6 41. c5 h6 42. Rb1 b5 43. Rf3 Rd7 44. h4 Rf7 45. Rbf1 Rxf3+ 46. Rxf3 Bc8 47.
g5 h5 48. Rf6 Re8 49. Rf2 Bf5 50. Nf6 Rd8 51. Re2 e4 52. Kf4 a5 53. Nxe4 Bxe4
54. Rxe4 Kf7 55. Re7+ Kf8 56. Ke5 1-0

[Event "XIII Festival Marco Gerolamo Vida A"]
[Site "Vescovato ITA"]
[Date "2014.04.25"]
[Round "1"]
[White "Popovich, Fabio"]
[Black "De Santis, Alessio"]
[WhiteElo "1945"]
[BlackElo "2285"]
[Result "0-1"]
[PlyCount "69"]
[EventDate "2014.04.25"]

1. c4 b6 2. Nc3 Bb7 3. e4 e6 4. g3 Nf6 5. Bg2 Bb4 6. Nge2 O-O 7. O-O Nc6 8. d3
a6 9. h3 Ra7 10. Bg5 Be7 11. a3 h6 12. Bf4 d6 13. Qc2 Ne5 14. b3 Ng6 15. Be3 d5
16. d4 dxe4 17. Nxe4 Qa8 18. Nxf6+ Bxf6 19. Bxb7 Qxb7 20. Rac1 Ne7 21. Bd2 Rd8
22. Bc3 Qf3 23. Rcd1 c6 24. Nf4 Rad7 25. Qb2 c5 26. Rd3 Qe4 27. Re3 Qf5 28.
dxc5 Bxc3 29. Qxc3 Qxc5 30. b4 Qd4 31. Qc2 Nf5 32. Rd3 Qe5 33. Rxd7 Rxd7 34.
Rd1 Nd4 35. Qc3 0-1

[Event "XIII Festival Marco Gerolamo Vida A"]
[Site "Vescovato ITA"]
[Date "2014.04.25"]
[Round "1"]
[White "Tagliaferri, Valerio"]
[Black "Bonade', Massimo"]
[WhiteElo "1919"]
[BlackElo "2089"]
[Result "0-1"]
[PlyCount "74"]
[EventDate "2014.04.25"]

1. d4 Nf6 2. c4 e6 3. Nc3 Bb4 4. Qc2 b6 5. a3 Bxc3+ 6. Qxc3 Ne4 7. Qc2 Bb7 8.
f3 Qh4+ 9. g3 Nxg3 10. hxg3 Qxh1 11. Kf2 Qh5 12. Bf4 d6 13. e4 O-O 14. Bh3 Nc6
15. d5 Nd4 16. Qc3 e5 17. Be3 Bc8 18. g4 Qh4+ 19. Kg2 h5 20. Bf2 Qg5 21. Be3
Qg6 22. g5 f5 23. exf5 Bxf5 24. f4 Bxh3+ 25. Nxh3 Qc2+ 26. Kh1 Qxc3 27. bxc3
Nc2 28. fxe5 Nxa1 29. e6 Nc2 30. Bd4 Nxd4 31. cxd4 Rf3 32. Kg2 Rxa3 33. Nf4 h4
34. Ng6 Rg3+ 35. Kh2 Rxg5 36. Nxh4 Rh5 37. Kg3 Rxh4 0-1

[Event "XIII Festival Marco Gerolamo Vida A"]
[Site "Vescovato ITA"]
[Date "2014.04.25"]
[Round "1"]
[White "Volpati, Antonio"]
[Black "Coppola, Federico"]
[WhiteElo "1630"]
[BlackElo "1976"]
[Result "0-1"]
[PlyCount "78"]
[EventDate "2014.04.25"]

1. e4 c5 2. Nf3 d6 3. d4 cxd4 4. Nxd4 Nf6 5. Nc3 Nc6 6. Nb3 g6 7. Bc4 Bg7 8.
Be3 Bd7 9. Qd2 Rc8 10. Bh6 O-O 11. Bxg7 Kxg7 12. O-O-O Ne5 13. Be2 Nc4 14. Bxc4
Rxc4 15. Qd3 b5 16. Nd2 Rc5 17. Nb3 Rc8 18. f4 b4 19. Nd5 Nxd5 20. Qxd5 Kg8 21.
f5 Qc7 22. Rd2 Bc6 23. Qd4 a5 24. g4 a4 25. Na1 Qb7 26. Re1 Qb5 27. h4 Bb7 28.
h5 Qc4 29. hxg6 fxg6 30. fxg6 hxg6 31. Qe3 Qxa2 32. c3 bxc3 33. bxc3 Qxa1+ 34.
Kc2 Qa2+ 35. Kd1 Qb1+ 36. Ke2 Ba6+ 37. Rd3 Qxd3+ 38. Qxd3 Bxd3+ 39. Kxd3 Rf3+
0-1

[Event "XIII Festival Marco Gerolamo Vida A"]
[Site "Vescovato ITA"]
[Date "2014.04.25"]
[Round "2"]
[White "Bini, Massimo"]
[Black "Molina, Fabrizio"]
[WhiteElo "2012"]
[BlackElo "2218"]
[Result "0-1"]
[PlyCount "76"]
[EventDate "2014.04.25"]

1. d4 d6 2. Nf3 Bg4 3. Bf4 Bxf3 4. exf3 Nd7 5. Bd3 g6 6. O-O Bg7 7. c3 Ngf6 8.
Re1 O-O 9. h3 c5 10. dxc5 Nxc5 11. Bc2 Qb6 12. Bc1 Rfe8 13. Nd2 Rac8 14. Nb3
Nfd7 15. Nxc5 Qxc5 16. Be3 Qc7 17. Ba4 a6 18. Bxd7 Qxd7 19. Qb3 Rc6 20. Rad1
Qc7 21. Bd4 Bh6 22. h4 e6 23. Qc2 b5 24. Qe2 Qe7 25. g3 Bg7 26. Bxg7 Kxg7 27.
Rd4 Rec8 28. Red1 Qc7 29. Qd2 d5 30. h5 Qe5 31. Re1 Qb8 32. Kg2 Rc4 33. hxg6
hxg6 34. Rxc4 Rxc4 35. Rh1 Qe5 36. Qh6+ Kg8 37. Qh7+ Kf8 38. Qh4 Rxh4 0-1

[Event "XIII Festival Marco Gerolamo Vida A"]
[Site "Vescovato ITA"]
[Date "2014.04.25"]
[Round "2"]
[White "Bonade', Massimo"]
[Black "Coppola, Federico"]
[WhiteElo "2089"]
[BlackElo "1976"]
[Result "1/2-1/2"]
[PlyCount "39"]
[EventDate "2014.04.25"]

1. d4 Nf6 2. c4 g6 3. Nc3 d5 4. Bf4 Bg7 5. e3 c5 6. dxc5 Qa5 7. Rc1 dxc4 8.
Bxc4 O-O 9. Nf3 Qxc5 10. Bb3 Qa5 11. O-O Na6 12. Qe2 Nc5 13. Bc4 Be6 14. Rfd1
Bxc4 15. Qxc4 Ne6 16. Nd5 Nxd5 17. Rxd5 Qb6 18. Rb5 Qa6 19. Qb3 Rac8 20. Rd1
1/2-1/2

[Event "XIII Festival Marco Gerolamo Vida A"]
[Site "Vescovato ITA"]
[Date "2014.04.25"]
[Round "2"]
[White "Castrogiovanni, Carlo"]
[Black "Tagliaferri, Valerio"]
[WhiteElo "1992"]
[BlackElo "1919"]
[Result "0-1"]
[PlyCount "66"]
[EventDate "2014.04.25"]

1. d4 Nf6 2. Nf3 e6 3. Nbd2 d5 4. e3 c5 5. c3 Bd7 6. Ne5 Bc6 7. Bd3 Bd6 8. f4
Nbd7 9. O-O Qe7 10. b3 cxd4 11. exd4 Rc8 12. Qe2 O-O 13. Ndf3 Ne4 14. Nxc6 Rxc6
15. Bxe4 dxe4 16. Qxe4 Rxc3 17. Qxb7 Rc7 18. Qe4 Nf6 19. Qd3 Nd5 20. Ng5 g6 21.
Bd2 Rfc8 22. Ne4 Ba3 23. h3 Rc6 24. Rab1 Rc2 25. b4 Bxb4 26. Bxb4 Nxb4 27. Qb3
Nd5 28. Nc5 Rc3 29. Qa4 Rc7 30. Rb8+ Kg7 31. Ra8 Qh4 32. Qa5 Qg3 33. Rb8 Rc2
0-1

[Event "XIII Festival Marco Gerolamo Vida A"]
[Site "Vescovato ITA"]
[Date "2014.04.25"]
[Round "2"]
[White "De Santis, Alessio"]
[Black "Panizzi, Giuseppe"]
[WhiteElo "2285"]
[BlackElo "2071"]
[Result "1-0"]
[PlyCount "109"]
[EventDate "2014.04.25"]

1. b3 e6 2. Bb2 Nf6 3. Nf3 d5 4. c4 c5 5. e3 Nc6 6. a3 Be7 7. g3 O-O 8. Bg2 d4
9. exd4 Nxd4 10. Bxd4 cxd4 11. d3 Rb8 12. O-O Qd6 13. Re1 b6 14. Nbd2 Bb7 15.
b4 Rfd8 16. Ne5 Bxg2 17. Kxg2 Nd7 18. f4 Qc7 19. Qh5 g6 20. Qg4 Nf6 21. Qf3
Rbc8 22. Re2 Bf8 23. g4 Bg7 24. Rf1 Nd7 25. Nxd7 Qxd7 26. f5 exf5 27. gxf5 Re8
28. Ne4 Re5 29. Qg4 Rce8 30. Ref2 Rd8 31. Qg3 Ree8 32. fxg6 fxg6 33. Rf7 Re7
34. Rxe7 Qxe7 35. Qg5 Qxg5+ 36. Nxg5 Re8 37. Ne4 Re6 38. Kf3 Bf8 39. Rc1 Be7
40. c5 bxc5 41. bxc5 Rc6 42. Kf4 Bd8 43. Ke5 Ra6 44. Kxd4 Rxa3 45. Rb1 Bc7 46.
h3 Bh2 47. Rb2 Bg1+ 48. Kc4 Kf7 49. c6 Ke6 50. Rb7 Ra1 51. Rxh7 Bb6 52. c7 Rc1+
53. Nc3 Bxc7 54. Rxc7 a5 55. Rc6+ 1-0

[Event "XIII Festival Marco Gerolamo Vida A"]
[Site "Vescovato ITA"]
[Date "2014.04.25"]
[Round "2"]
[White "Ficco, Corrado"]
[Black "Swannie, Douglas"]
[WhiteElo "2054"]
[BlackElo "1880"]
[Result "1/2-1/2"]
[PlyCount "39"]
[EventDate "2014.04.25"]

1. c4 e5 2. g3 c5 3. Nc3 Nc6 4. Bg2 g6 5. e3 Bg7 6. Nge2 Nge7 7. O-O O-O 8. Nd5
d6 9. d3 Rb8 10. Rb1 b5 11. Nxe7+ Nxe7 12. cxb5 Rxb5 13. Qa4 Ra5 14. Qc2 Rxa2
15. Nc3 Ra6 16. b4 cxb4 17. Rxb4 Rb6 18. Ba3 Rxb4 19. Bxb4 Be6 20. Ra1 1/2-1/2

[Event "XIII Festival Marco Gerolamo Vida A"]
[Site "Vescovato ITA"]
[Date "2014.04.25"]
[Round "2"]
[White "Pinna, Ferdinando"]
[Black "Volpati, Antonio"]
[WhiteElo "1938"]
[BlackElo "1630"]
[Result "1-0"]
[PlyCount "119"]
[EventDate "2014.04.25"]

1. e4 e6 2. d4 d5 3. Nc3 c5 4. Nf3 Nc6 5. Bb5 Bd7 6. exd5 exd5 7. O-O Nf6 8.
Re1+ Be7 9. dxc5 O-O 10. Be3 a6 11. Ba4 Qa5 12. Bb3 Be6 13. Nd4 Bxc5 14. Nce2
Rfe8 15. Nf4 Rad8 16. Ndxe6 fxe6 17. Bxc5 e5 18. Nxd5 Nxd5 19. Bxd5+ Kh8 20. b4
Nxb4 21. Bxb4 Qxb4 22. c4 b5 23. Qb3 Qc5 24. Rad1 bxc4 25. Qxc4 Qb6 26. Be4 Rc8
27. Qe2 a5 28. Rd7 Rf8 29. Qe3 Qe6 30. Qh3 Qxh3 31. gxh3 Rc4 32. f3 Rb4 33. Rc1
Rb2 34. Rcc7 Rfb8 35. Rxg7 Rd2 36. Bc2 Rxc2 37. Rxh7+ Kg8 38. Rhg7+ Kh8 39.
Rxc2 Kxg7 40. Kf2 Kf6 41. Kg3 Kf5 42. Rc5 a4 43. Rc4 Rg8+ 44. Kf2 Ra8 45. a3
Ra5 46. h4 Ra8 47. Rg4 Ra7 48. Ke3 Ra8 49. h3 Ra7 50. h5 Rh7 51. h4 Rxh5 52.
Rxa4 Ke6 53. Rg4 Kd5 54. a4 Rh8 55. a5 Ra8 56. Ra4 Ra6 57. h5 Kc5 58. Ke4 Kb5
59. Ra3 Rh6 60. a6 1-0

[Event "XIII Festival Marco Gerolamo Vida A"]
[Site "Vescovato ITA"]
[Date "2014.04.25"]
[Round "2"]
[White "Popovich, Fabio"]
[Black "Masotti, Roberto"]
[WhiteElo "1945"]
[BlackElo "1893"]
[Result "1/2-1/2"]
[PlyCount "77"]
[EventDate "2014.04.25"]

1. c4 e6 2. g3 d5 3. Bg2 c5 4. Nf3 Nc6 5. e3 Nf6 6. O-O Be7 7. b3 O-O 8. Bb2
Qc7 9. Nc3 a6 10. cxd5 exd5 11. d4 cxd4 12. Nxd4 Rd8 13. Rc1 Qb6 14. Na4 Qc7
15. Qc2 Bd7 16. Nc5 Nb4 17. Qd2 Bxc5 18. Qxb4 Rac8 19. Qd2 Qd6 20. h3 Ne4 21.
Qd3 Re8 22. h4 g6 23. a4 Nxg3 24. fxg3 Qxg3 25. Rf3 Qxh4 26. Rf4 Qg3 27. Rf3
Qg5 28. Rcf1 Re7 29. Qc3 Bd6 30. Ne6 Qxg2+ 31. Kxg2 Rxc3 32. Bxc3 Bxe6 33. Bd4
Bf5 34. Rxf5 gxf5 35. Rxf5 Re6 36. Rxd5 f6 37. Kf3 Kf7 38. e4 Kg6 39. Be3
1/2-1/2

[Event "XIII Festival Marco Gerolamo Vida A"]
[Site "Vescovato ITA"]
[Date "2014.04.25"]
[Round "2"]
[White "Righini, Giovanni"]
[Black "Borboni, Paolo"]
[WhiteElo "1895"]
[BlackElo "1724"]
[Result "0-1"]
[PlyCount "102"]
[EventDate "2014.04.25"]

1. e4 e5 2. Nf3 Nc6 3. d4 exd4 4. Bc4 Nf6 5. O-O Nxe4 6. Re1 d5 7. Bxd5 Qxd5 8.
Nc3 Qh5 9. Nxe4 Be6 10. Neg5 O-O-O 11. Nxe6 fxe6 12. Rxe6 Bd6 13. Qe2 Rhf8 14.
h3 h6 15. Nxd4 Qxe2 16. Nxe2 Be5 17. Be3 Bxb2 18. Rb1 Bd4 19. Nxd4 Nxd4 20. Rg6
Rf7 21. c4 c5 22. Rb2 b6 23. a4 Nf5 24. Bd2 Rd6 25. Rxd6 Nxd6 26. Rc2 a5 27. h4
Rd7 28. Bf4 Nf5 29. g3 Rd1+ 30. Kg2 Ra1 31. h5 Rxa4 32. Be5 Nd4 33. Rb2 Rb4 34.
Bxd4 cxd4 35. Rc2 Kd7 36. Kf3 Kd6 37. Ke4 Kc5 38. Kd3 Rb3+ 39. Kd2 Kb4 40. g4
a4 41. f4 Rg3 42. Rb2+ Rb3 43. Rc2 a3 44. g5 Rf3 45. gxh6 gxh6 46. f5 Rxf5 47.
Kd3 Kc5 48. Rh2 Re5 49. Rh1 Re3+ 50. Kd2 Kxc4 51. Rb1 a2 0-1

[Event "XIII Festival Marco Gerolamo Vida A"]
[Site "Vescovato ITA"]
[Date "2014.04.25"]
[Round "2"]
[White "Swannie, Bryan"]
[Black "Minerva, Enzo"]
[WhiteElo "1681"]
[BlackElo "2022"]
[Result "1/2-1/2"]
[PlyCount "125"]
[EventDate "2014.04.25"]

1. d4 Nf6 2. c4 e6 3. g3 c5 4. d5 exd5 5. cxd5 d6 6. Nc3 g6 7. Bg2 Bg7 8. Nf3
O-O 9. O-O Bg4 10. Nd2 Na6 11. Nc4 Nc7 12. a4 b6 13. Bf4 Nfe8 14. h3 Bf5 15. e4
Bc8 16. Re1 Ba6 17. Na3 g5 18. Bd2 f5 19. Qc2 f4 20. Ncb5 Be5 21. gxf4 gxf4 22.
Bf3 Qh4 23. Kg2 Rf6 24. Bc3 Rg6+ 25. Kf1 Qxh3+ 26. Ke2 Qd7 27. Bxe5 Bxb5+ 28.
axb5 dxe5 29. Qb3 Nd6 30. Rg1 Ncxb5 31. Rxg6+ hxg6 32. Nxb5 Qxb5+ 33. Qxb5 Nxb5
34. Bg4 Nd4+ 35. Kd3 a5 36. Kc4 b5+ 37. Kc3 a4 38. d6 Kg7 39. Rg1 Kf6 40. Rh1
Ne6 41. Rh7 Rd8 42. Rc7 Rxd6 43. Bxe6 Kxe6 44. Rxc5 Rb6 45. Kb4 g5 46. Rd5 g4
47. Kc5 Rb8 48. Rd6+ Kf7 49. Kd5 g3 50. fxg3 fxg3 51. Kxe5 b4 52. Rf6+ Kg7 53.
Rf3 Rb5+ 54. Kf4 b3 55. Rxg3+ Kf6 56. Rg1 Rc5 57. Ke3 Rc2 58. Ra1 Rxb2 59. Rxa4
Rb1 60. Kd2 b2 61. Rb4 Rg1 62. Rxb2 Rg2+ 63. Kc3 1/2-1/2

[Event "XIII Festival Marco Gerolamo Vida A"]
[Site "Vescovato ITA"]
[Date "2014.04.26"]
[Round "3"]
[White "Borboni, Paolo"]
[Black "Pinna, Ferdinando"]
[WhiteElo "1724"]
[BlackElo "1938"]
[Result "0-1"]
[PlyCount "48"]
[EventDate "2014.04.25"]

1. d4 Nf6 2. c4 g6 3. Nc3 d5 4. cxd5 Nxd5 5. e4 Nxc3 6. bxc3 Bg7 7. Bc4 c5 8.
Be3 Nc6 9. Ne2 O-O 10. Rc1 cxd4 11. cxd4 Qa5+ 12. Kf1 Qa3 13. Rc3 Qd6 14. h4 h5
15. Qd2 Rd8 16. Rd3 Qb4 17. Qxb4 Nxb4 18. Rd2 b6 19. d5 Bb7 20. Nd4 Rac8 21.
Be2 Rc1+ 22. Rd1 Rxd1+ 23. Bxd1 e6 24. dxe6 fxe6 0-1

[Event "XIII Festival Marco Gerolamo Vida A"]
[Site "Vescovato ITA"]
[Date "2014.04.26"]
[Round "3"]
[White "Coppola, Federico"]
[Black "Swannie, Bryan"]
[WhiteElo "1976"]
[BlackElo "1681"]
[Result "1-0"]
[PlyCount "43"]
[EventDate "2014.04.25"]

1. Nf3 Nf6 2. c4 e6 3. g3 d5 4. Bg2 Be7 5. O-O O-O 6. b3 c5 7. Bb2 b6 8. e3 Bb7
9. Nc3 Nc6 10. cxd5 exd5 11. d4 Ba6 12. Re1 Rc8 13. Ne5 Bb7 14. Nd3 cxd4 15.
exd4 Nxd4 16. Nf4 Nc6 17. Ncxd5 Nxd5 18. Nxd5 Bc5 19. Qg4 f6 20. Nf4 Re8 21.
Bd5+ Kh8 22. Ng6+ 1-0

[Event "XIII Festival Marco Gerolamo Vida A"]
[Site "Vescovato ITA"]
[Date "2014.04.26"]
[Round "3"]
[White "Masotti, Roberto"]
[Black "Castrogiovanni, Carlo"]
[WhiteElo "1893"]
[BlackElo "1992"]
[Result "0-1"]
[PlyCount "58"]
[EventDate "2014.04.25"]

1. c4 e5 2. g3 Nf6 3. Bg2 d5 4. cxd5 Nxd5 5. Nc3 Nb6 6. Nf3 Nc6 7. d3 Be7 8.
O-O O-O 9. Bd2 Be6 10. Rc1 f6 11. a3 Na5 12. Nb5 Bb3 13. Qe1 Nc6 14. Be3 Be6
15. Nc3 Nd4 16. Nd2 c6 17. f4 Nd5 18. Nxd5 Bxd5 19. Bxd5+ Qxd5 20. fxe5 fxe5
21. Ne4 h6 22. Rf2 b6 23. Qf1 Rxf2 24. Qxf2 Rf8 25. Qg2 Qb3 26. Nc3 Qxb2 27.
Qe4 Nxe2+ 28. Nxe2 Qxe2 29. Qxe5 Bg5 0-1

[Event "XIII Festival Marco Gerolamo Vida A"]
[Site "Vescovato ITA"]
[Date "2014.04.26"]
[Round "3"]
[White "Minerva, Enzo"]
[Black "Popovich, Fabio"]
[WhiteElo "2022"]
[BlackElo "1945"]
[Result "0-1"]
[PlyCount "100"]
[EventDate "2014.04.25"]

1. e4 g6 2. Nf3 Bg7 3. d4 d6 4. c4 Nc6 5. Be2 Nf6 6. Nc3 O-O 7. O-O e5 8. d5
Ne7 9. b4 a5 10. b5 b6 11. a4 h6 12. h3 Nd7 13. Ne1 f5 14. g4 Nf6 15. g5 hxg5
16. exf5 gxf5 17. Bxg5 Kf7 18. Bh5+ Kg8 19. Ra3 f4 20. Bxf6 Rxf6 21. Ne4 Rh6
22. Ng5 Ng6 23. h4 Qf6 24. Ng2 Bf5 25. Bxg6 Qxg6 26. Nh3 Rxh4 27. Kh2 Rh7 28.
Rg1 Qh6 29. Qf3 Bxh3 30. Qxh3 Qf6 31. Qxh7+ Kxh7 32. Rh3+ Kg8 33. Nh4 Kf7 34.
Nf3 Rh8 35. Rxh8 Bxh8 36. Ng5+ Ke7 37. f3 Qh6+ 38. Nh3 e4 39. c5 dxc5 40. d6+
cxd6 41. fxe4 f3 42. Rg5 Be5+ 43. Rxe5+ dxe5 44. Kg3 Qxh3+ 45. Kxh3 c4 46. Kg3
c3 47. Kf2 c2 48. Ke3 c1=Q+ 49. Kd3 f2 50. Ke2 f1=Q# 0-1

[Event "XIII Festival Marco Gerolamo Vida A"]
[Site "Vescovato ITA"]
[Date "2014.04.26"]
[Round "3"]
[White "Molina, Fabrizio"]
[Black "De Santis, Alessio"]
[WhiteElo "2218"]
[BlackElo "2285"]
[Result "1/2-1/2"]
[PlyCount "20"]
[EventDate "2014.04.25"]

1. e4 b6 2. d4 Bb7 3. Bd3 Nf6 4. Nd2 e6 5. Ngf3 c5 6. c3 d5 7. e5 Nfd7 8. O-O
Be7 9. Re1 a5 10. Nf1 Ba6 1/2-1/2

[Event "XIII Festival Marco Gerolamo Vida A"]
[Site "Vescovato ITA"]
[Date "2014.04.26"]
[Round "3"]
[White "Panizzi, Giuseppe"]
[Black "Ficco, Corrado"]
[WhiteElo "2071"]
[BlackElo "2054"]
[Result "1-0"]
[PlyCount "80"]
[EventDate "2014.04.25"]

1. Nf3 d5 2. d4 e6 3. Bf4 c5 4. e3 Nc6 5. c3 Nf6 6. Nbd2 Nh5 7. Bg3 Nxg3 8.
hxg3 Bd6 9. Bd3 h6 10. g4 e5 11. dxe5 Bxe5 12. g5 Qb6 13. Rb1 Bg4 14. Qa4 Bd7
15. Bb5 O-O-O 16. gxh6 gxh6 17. Rh5 f6 18. Bxc6 Bxc6 19. Qh4 Rhg8 20. Nxe5 fxe5
21. Rxh6 Rxg2 22. Qh3+ Bd7 23. Qxg2 Qxh6 24. Qxd5 Bc6 25. Qxc5 Qh1+ 26. Nf1 Kb8
27. Qxe5+ Ka8 28. Qg5 Rh8 29. Rd1 a6 30. Rd8+ Rxd8 31. Qxd8+ Ka7 32. Qd4+ Ka8
33. c4 Bg2 34. Qd3 Be4 35. Qd8+ Ka7 36. Qd4+ Kb8 37. b4 Bg2 38. Qd8+ Ka7 39.
Qd3 Kb8 40. b5 Kc7 1-0

[Event "XIII Festival Marco Gerolamo Vida A"]
[Site "Vescovato ITA"]
[Date "2014.04.26"]
[Round "3"]
[White "Swannie, Douglas"]
[Black "Bonade', Massimo"]
[WhiteElo "1880"]
[BlackElo "2089"]
[Result "1/2-1/2"]
[PlyCount "131"]
[EventDate "2014.04.25"]

1. d4 Nf6 2. c4 e6 3. Nc3 Bb4 4. e3 b6 5. Nge2 Bb7 6. a3 Bxc3+ 7. Nxc3 O-O 8.
Bd3 d6 9. e4 e5 10. d5 Nbd7 11. b4 Qe7 12. O-O Rfe8 13. Ne2 Nf8 14. Ng3 Bc8 15.
h3 Ng6 16. Nf5 Bxf5 17. exf5 Nf4 18. Bxf4 exf4 19. Re1 Qxe1+ 20. Qxe1 Rxe1+ 21.
Rxe1 Kf8 22. g4 fxg3 23. fxg3 a5 24. b5 Nd7 25. Kf2 Ne5 26. Re3 Ke7 27. Ke2 Kf6
28. Kd2 Rd8 29. Kc3 Rd7 30. Be4 Re7 31. Kd4 h5 32. Bc2 Re8 33. Be4 h4 34. g4
Kg5 35. Bg2 Kf4 36. Rc3 g6 37. fxg6 fxg6 38. Be4 Nc6+ 39. dxc6 Rxe4+ 40. Kd5
Re5+ 41. Kd4 Re1 42. Kd5 Re2 43. Rd3 Re5+ 44. Kd4 Re7 45. Kd5 Kg5 46. Rf3 Kh6
47. Rf8 Kg7 48. Rd8 Re5+ 49. Kd4 Re7 50. Rd7 Kf6 51. Rxe7 Kxe7 52. g5 Ke6 53.
Ke4 Kf7 54. Kf4 Ke6 55. Kg4 Ke5 56. a4 Ke4 57. Kxh4 Kf5 58. Kg3 Kxg5 59. h4+
Kh5 60. Kh3 g5 61. hxg5 Kxg5 62. Kg3 Kf5 63. Kf3 Ke5 64. Ke3 d5 65. cxd5 Kxd5
66. Kd3 1/2-1/2